[Event "Test anti-draw scoring"]
[Site "SchemingMind.com"]
[Date "2015.10.06"]
[Round "-"]
[White "ray winteringham"]
[Black "Scooter"]
[Result "0-1"]
[WhiteCountry "ENG"]
[BlackCountry "USA"]
[WhiteElo "1484"]
[WhiteRD "52"]
[BlackElo "1723"]
[BlackRD "47"]
[GameID "388481"]

1. e4 c6 2. d4 d5 3. e5 Bf5 4. Nf3 e6 5. h3 h6 6. Bd3 Bxd3 7. Qxd3 Nd7 8. Be3 c5 9. c3 cxd4 10. cxd4 Bb4+
11. Nc3 Ne7 12. a3 Bxc3+ 13. bxc3 a6 14. O-O Nf5 15. Nd2 Nxe3 16. Qxe3 O-O 17. f4 Rc8 18. Rac1 Nb6 19. Rc2 Nc4 20. Nxc4 Rxc4
21. Rb1 Qc7 22. Qd3 Rc8 23. Rb3 b5 24. g4 Qb6 25. Rb4 a5 26. Rxc4 bxc4 27. Qe2 Qb3 28. f5 Qxa3 29. Qd2 Rb8 30. f6 Qa1+
31. Kg2 a4 32. g5 h5 33. fxg7 Kxg7 34. Kf3 a3 35. Rc1 Qb2 36. Qxb2 Rxb2 37. h4 a2 38. Ra1 Rc2 39. Ke3 Rxc3+ 40. Kf4 Rd3
41. Rxa2 Rxd4+ 42. Kg3 Re4 43. Rc2 Rxe5 44. Kf4 Re4+ 45. Kg3 Rg4+ 46. Kh3 Kg6 47. Rf2 c3 48. Rc2 d4 49. Rc1 e5
0-1

[Event "Test anti-draw scoring"]
[Site "SchemingMind.com"]
[Date "2015.10.06"]
[Round "-"]
[White "ray winteringham"]
[Black "Sir Osis of the Liver"]
[Result "1-0"]
[WhiteCountry "ENG"]
[BlackCountry "ENG"]
[WhiteElo "1484"]
[WhiteRD "52"]
[BlackElo "1573"]
[BlackRD "84"]
[GameID "388482"]

1. e4 d5 2. exd5 Nf6 3. Bc4 e6 4. dxe6 fxe6 5. Nf3 Bc5 6. O-O O-O 7. d4 Bb6 8. Be3 Ng4 9. Nc3 Nxe3 10. fxe3 Kh8
11. Ne4 c5 12. Ne5 Nc6 13. Nxc6 bxc6 14. Rxf8+ Qxf8 15. c3 cxd4 16. cxd4 Bc7 17. Ng5 Qe7 18. Qh5 h6 19. Rf1 Qxg5 20. Qe8+ Kh7
21. Bxe6 Qxe3+ 22. Kh1 Bb7 23. Bf5+
1-0

[Event "Test anti-draw scoring"]
[Site "SchemingMind.com"]
[Date "2015.10.07"]
[Round "-"]
[White "Eric Caesar"]
[Black "ray winteringham"]
[Result "1-0"]
[WhiteCountry "NED"]
[BlackCountry "ENG"]
[WhiteElo "1940"]
[WhiteRD "74"]
[BlackElo "1484"]
[BlackRD "52"]
[GameID "388483"]

1. e4 e5 2. Nf3 Nc6 3. Bc4 d6 4. c3 h6 5. d4 exd4 6. cxd4 Bg4 7. Be3 Be7 8. Qb3 Bh5 9. Qxb7 Na5 10. Bb5+ Kf8
11. Qa6 Bxf3 12. gxf3 c6 13. Be2 Qb6 14. Qxb6 axb6 15. Nc3 Nf6 16. O-O g5 17. f4 Nd7 18. fxg5 hxg5 19. f4 Rg8 20. f5 f6
21. Kh1 c5 22. Nd5 Nc6 23. Nc7 Rc8 24. Ne6+
1-0

[Event "Test anti-draw scoring"]
[Site "SchemingMind.com"]
[Date "2015.10.07"]
[Round "-"]
[White "ray winteringham"]
[Black "Helga1946"]
[Result "0-1"]
[WhiteCountry "ENG"]
[BlackCountry "GER"]
[WhiteElo "1484"]
[WhiteRD "52"]
[BlackElo "2236"]
[BlackRD "71"]
[GameID "388484"]

1. e4 e5 2. Nf3 Nc6 3. Bc4 Nf6 4. d3 Bc5 5. h3 O-O 6. Bd2 Nd4 7. Bc3 d5 8. Bxd4 Bxd4 9. Nxd4 exd4 10. Bb3 dxe4
11. O-O c5 12. c4 Bd7 13. Nd2 exd3 14. Nf3 Bf5 15. Ne5 Qd6 16. Nxd3 Rae8 17. Qf3 Be4 18. Qd1 Nh5 19. Bc2 Qh6 20. Nxc5 Bxg2
21. Nd7 Nf4 22. Qg4 Bxh3 23. Qf3 Ne2+ 24. Kh2 Bxf1+
0-1

[Event "Test anti-draw scoring"]
[Site "SchemingMind.com"]
[Date "2015.10.16"]
[Round "-"]
[White "Kenny Elliott"]
[Black "Timaeus"]
[Result "1-0"]
[WhiteCountry "USA"]
[BlackCountry "JPN"]
[WhiteElo "1574"]
[WhiteRD "78"]
[BlackElo "1399"]
[BlackRD "77"]
[GameID "388824"]

1. d4 f5 2. c4 e6 3. Nc3 Nf6 4. Bg5 Nc6 5. d5 exd5 6. cxd5 Ne5 7. Qd4 d6 8. f4 Be7 9. fxe5 dxe5 10. Qxe5 O-O
11. O-O-O c6 12. d6
1-0

[Event "Test anti-draw scoring"]
[Site "SchemingMind.com"]
[Date "2015.10.16"]
[Round "-"]
[White "Scooter"]
[Black "Kenny Elliott"]
[Result "1/2-1/2"]
[WhiteCountry "USA"]
[BlackCountry "USA"]
[WhiteElo "1707"]
[WhiteRD "48"]
[BlackElo "1575"]
[BlackRD "77"]
[GameID "388825"]

1. d4 d5 2. Nf3 Nf6 3. Bf4 Nc6 4. e3 Bg4 5. Be2 g6 6. O-O Bg7 7. Nbd2 O-O 8. h3 Bxf3 9. Nxf3 Ne4 10. Ng5 Nxg5
11. Bxg5 h6 12. Bf4 e5 13. dxe5 Nxe5 14. c3 c6 15. Bxe5 Bxe5 16. Rb1 Qd6 17. c4 d4 18. exd4 Bxd4 19. Qd3 Qf6 20. b3 c5
21. Qf3 Qe6 22. Rfe1 b6 23. Qf4 Kh7 24. Bd3 Qf6 25. Qg3 Rae8 26. Kf1 Bc3 27. Rxe8 Rxe8 28. Rc1 Be5 29. Qg4 Kg7 30. Re1 Re6
31. Be4 h5 32. Qd1 Bd4 33. Bf3 Rd6 34. Qe2 Bc3 35. Rd1 Re6 36. Qd3 Qe5 37. Kg1 Bd4 38. Bd5 Rf6 39. Rf1 Qg5 40. Qe2 Rf5
41. Be4 Re5 42. Qf3 Qe7 43. Bd3 Re1 44. Qg3 Rxf1+ 45. Kxf1 Qf6 46. Be2 Qf5 47. Bd3 Qf6 48. Be2 Be5 49. Qf3 Qg5 50. Qd3 Qc1+=
1/2-1/2

[Event "Test anti-draw scoring"]
[Site "SchemingMind.com"]
[Date "2015.10.16"]
[Round "-"]
[White "Kenny Elliott"]
[Black "Sir Osis of the Liver"]
[Result "0-1"]
[WhiteCountry "USA"]
[BlackCountry "ENG"]
[WhiteElo "1574"]
[WhiteRD "78"]
[BlackElo "1573"]
[BlackRD "84"]
[GameID "388826"]

1. d4 d5 2. c4 dxc4 3. Nc3 e6 4. e4 Nf6 5. Bg5 Be7 6. Nf3 O-O 7. Bxc4 h6 8. Bh4 Nc6 9. O-O Nxe4 10. Bxe7 Nxc3
11. bxc3 Qxe7 12. Re1 Qf6 13. Qb3 Na5 14. Qb4 b6 15. Ne5 Nxc4 16. Qxc4 Qg5 17. Qxc7 Ba6 18. Qd6 Bb7 19. g3 Qh5 20. h4 f6
21. Nd7 Qf3 22. Nxf8 Qg2#
0-1

[Event "Test anti-draw scoring"]
[Site "SchemingMind.com"]
[Date "2015.10.16"]
[Round "-"]
[White "Kenny Elliott"]
[Black "ray winteringham"]
[Result "0-1"]
[WhiteCountry "USA"]
[BlackCountry "ENG"]
[WhiteElo "1575"]
[WhiteRD "77"]
[BlackElo "1473"]
[BlackRD "55"]
[GameID "388827"]

1. d4 d5 2. c4 dxc4 3. Nc3 e6 4. Nf3 Bd6 5. e4 Ne7 6. Bxc4 c6 7. O-O b5 8. Bd3 a5 9. Be3 Bb7 10. e5 Bc7
11. a3 a4 12. b3 O-O 13. bxa4 bxa4 14. Qb1 Ba6 15. Bxa6 Rxa6 16. Qc2 Nd7 17. Nxa4 Qa8 18. Nc5 Nxc5 19. Qxc5 Nd5 20. Bd2 Bb6
21. Qc4 Rc8 22. Bb4 h6 23. Rac1 Bd8 24. Bc5 Be7 25. Bxe7 Nxe7 26. Qc5 Nd5 27. Ra1 Rb8 28. Rfc1 Nb4 29. Qc3 Nd5 30. Qc5 Nb4
31. Qc3 Nd5 32. Qc5 Rb5 33. Qc4 Rba5 34. Rc2 Kf8 35. Nd2 Rxa3 36. Rxa3 Rxa3 37. Qxc6 Qa7 38. Qd6+ Kg8 39. Rc4 Ra1+ 40. Nf1 Rxf1+
41. Kxf1 Qa1+ 42. Ke2 Qa2+ 43. Kd3 Qb3+ 44. Ke4 Qxc4 45. Qc5 Qe2#
0-1

[Event "Test anti-draw scoring"]
[Site "SchemingMind.com"]
[Date "2015.10.18"]
[Round "-"]
[White "Helga1946"]
[Black "Kenny Elliott"]
[Result "1-0"]
[WhiteCountry "GER"]
[BlackCountry "USA"]
[WhiteElo "2284"]
[WhiteRD "70"]
[BlackElo "1575"]
[BlackRD "77"]
[GameID "388828"]

1. e4 c5 2. Nf3 d6 3. Bb5+ Bd7 4. Bxd7+ Nxd7 5. a4 Ngf6 6. d3 g6 7. h3 Bg7 8. O-O O-O 9. Qe2 a5 10. c3 Qb8
11. Bg5 b5 12. axb5 Qxb5 13. c4 Qb6 14. Nc3 Qc6 15. Qc2 e5 16. Ra2 Ra7 17. Rfa1 Rfa8 18. Qd2 Nh5 19. Nb5 Ra6 20. Rxa5 Nf4
21. Nc7 Qxc7 22. Rxa6 Rxa6 23. Rxa6 Qb7 24. Qa5 Qxb2 25. Qb5 Qc1+ 26. Kh2 Nf8 27. Ra7 Qf1 28. Bxf4 exf4 29. Qb7 Bh6 30. Qxf7+ Kh8
31. Ra8
1-0

[Event "Test anti-draw scoring"]
[Site "SchemingMind.com"]
[Date "2015.10.17"]
[Round "-"]
[White "Kenny Elliott"]
[Black "Ramesh Panwar"]
[Result "0-1"]
[WhiteCountry "USA"]
[BlackCountry "IND"]
[WhiteElo "1575"]
[WhiteRD "77"]
[BlackElo "2402"]
[BlackRD "59"]
[GameID "388829"]

1. d4 Nf6 2. c4 e6 3. Nc3 b6 4. Bg5 Bb7 5. e4 Be7 6. Nf3 Nxe4 7. Bxe7 Qxe7 8. Bd3 Nxc3 9. bxc3 Qf6 10. Ne5 Bxg2
11. Rg1 Bb7 12. Qc2 Nc6 13. Ng4 Qh4 14. Qe2 g6 15. O-O-O h5 16. Ne5 Qxh2 17. Nxf7 Kxf7 18. Bxg6+ Ke7 19. d5 Ne5 20. Be4 Raf8
21. Rh1 Qf4+ 22. Rd2 Ba6 23. Kb2 Nxc4+
0-1

[Event "Test anti-draw scoring"]
[Site "SchemingMind.com"]
[Date "2015.10.18"]
[Round "-"]
[White "Eric Caesar"]
[Black "Kenny Elliott"]
[Result "1-0"]
[WhiteCountry "NED"]
[BlackCountry "USA"]
[WhiteElo "1927"]
[WhiteRD "67"]
[BlackElo "1575"]
[BlackRD "77"]
[GameID "388830"]

1. d4 Nf6 2. c4 e6 3. Nc3 Bb4 4. Nf3 O-O 5. a3 Bxc3+ 6. bxc3 Nc6 7. Bg5 b6 8. e4 h6 9. Bh4 Bb7 10. Bd3 d5
11. cxd5 exd5 12. e5 Qe7 13. O-O g5 14. exf6 Qxf6 15. Bg3 Rac8 16. Ne5 Qd8 17. Qg4 Ne7 18. h4 f6 19. Ng6 Nxg6 20. Bxg6 Qe7
21. Rfe1 Qg7 22. h5 Rfd8 23. Re6 Qd7 24. Re8+ Qxe8 25. Bxe8 Rxe8 26. Qf5 Re7 27. Qxf6 Rg7 28. Be5
1-0

[Event "Test anti-draw scoring"]
[Site "SchemingMind.com"]
[Date "2015.10.18"]
[Round "-"]
[White "emvarela"]
[Black "Kenny Elliott"]
[Result "1-0"]
[WhiteCountry "ARG"]
[BlackCountry "USA"]
[WhiteElo "1690"]
[WhiteRD "47"]
[BlackElo "1560"]
[BlackRD "80"]
[GameID "388831"]

1. e4 c5 2. Nf3 d6 3. d4 Nc6 4. dxc5 dxc5 5. Qxd8+ Nxd8 6. Bb5+ Nc6 7. Bxc6+ bxc6 8. c4 Bg4 9. Nbd2 g6 10. h3 Be6
11. O-O Bg7 12. e5 Bf5 13. Nb3 Bd3 14. Re1 Bxc4 15. Be3 e6 16. Nxc5 Ne7 17. b3 Bd5 18. Bd2 Rd8 19. Ba5 Rc8 20. Nb7 Bxf3
21. gxf3 Nf5 22. Rad1 O-O 23. Nd6 Nxd6 24. exd6 Bf6 25. Re4 c5 26. d7 Ra8 27. Rc4 Bd4 28. Kg2 e5 29. d8=Q Rfxd8 30. Bxd8 Rxd8
31. Rxc5 Ra8 32. Rc7 Kg7 33. Rd7 Rc8 34. Rd2 a5 35. f4 Bc3 36. Rc2 Kf6 37. fxe5+ Kxe5 38. Rd3
1-0

[Event "Test anti-draw scoring"]
[Site "SchemingMind.com"]
[Date "2015.10.17"]
[Round "-"]
[White "Kenny Elliott"]
[Black "Phillip Beckett"]
[Result "1/2-1/2"]
[WhiteCountry "USA"]
[BlackCountry "ENG"]
[WhiteElo "1575"]
[WhiteRD "77"]
[BlackElo "1590"]
[BlackRD "50"]
[GameID "388832"]

1. d4 d5 2. c4 e6 3. Nf3 Nf6 4. Bg5 Be7 5. Nc3 h6 6. Bxf6 Bxf6 7. cxd5 exd5 8. e3 c6 9. Bd3 O-O 10. O-O Bg4
11. h3 Be6 12. Qb3 Qb6 13. Qxb6 axb6 14. Ne2 Nd7 15. Nf4 b5 16. Nxe6 fxe6 17. Rfe1 e5 18. dxe5 Nxe5 19. Nxe5 Bxe5 20. Reb1 Ra7
21. f4 Bd6 22. b3 Bb4 23. a4 Bc3 24. Ra2 bxa4 25. Rxa4 Rfa8 26. Rc1 Rxa4 27. bxa4 d4 28. Bc4+ Kf8 29. exd4 Bxd4+ 30. Kh1 Rxa4
31. Be6 Ra1 32. Rxa1 Bxa1 33. Bc8 b6 34. Bb7 c5 35. Kg1 Ke7 36. Kf1 Kd6 37. Ke2 b5 38. Ba6 b4 39. Bc4 Bd4 40. Kd3 Ke7
41. Ke4 Kf6 42. g4 g5 43. f5 Bg1 44. Kd5 Bd4=
1/2-1/2

[Event "Test anti-draw scoring"]
[Site "SchemingMind.com"]
[Date "2015.10.18"]
[Round "-"]
[White "Kenny Elliott"]
[Black "hardcorepawn"]
[Result "0-1"]
[WhiteCountry "USA"]
[BlackCountry "GER"]
[WhiteElo "1574"]
[WhiteRD "78"]
[BlackElo "1848"]
[BlackRD "133"]
[GameID "388877"]

1. d4 b5 2. e4 Bb7 3. Bd3 Nf6 4. Qe2 a6 5. Nf3 e6 6. O-O d6 7. Bg5 Be7 8. Nbd2 c5 9. dxc5 dxc5 10. e5 Nd5
11. Bxb5+ axb5 12. Qxb5+ Bc6 13. Qxc5 Bxc5 14. Bxd8 Kxd8 15. c4 Nf4 16. Ng5 Ke7 17. Nge4 Bd4 18. Rac1 Ne2+ 19. Kh1 Nxc1 20. Rxc1 Bxb2
0-1

[Event "Test anti-draw scoring"]
[Site "SchemingMind.com"]
[Date "2015.10.23"]
[Round "-"]
[White "emvarela"]
[Black "hardcorepawn"]
[Result "1/2-1/2"]
[WhiteCountry "ARG"]
[BlackCountry "GER"]
[WhiteElo "1700"]
[WhiteRD "49"]
[BlackElo "1792"]
[BlackRD "90"]
[GameID "388878"]

1. e4 a6 2. d4 b5 3. c4 bxc4 4. Bxc4 e6 5. Nc3 Bb7 6. Be3 d6 7. Nf3 Nd7 8. Qb3 Rb8 9. Qc2 Nb6 10. Bb3 Nf6
11. O-O-O Be7 12. d5 e5 13. Bg5 Nfxd5 14. Bxe7 Nxe7 15. Na4 O-O 16. Nxb6 cxb6 17. Qd3 Qc7+ 18. Kb1 Rfd8 19. Ng5 Rf8 20. Qxd6 Qxd6
21. Rxd6 h6 22. Nxf7 Bxe4+ 23. Ka1 Rxf7 24. Bxf7+ Kxf7 25. f3 Bc6 26. Re1 Rc8 27. a3 Ng6 28. Rc1 Ne7 29. Re1 Ng6 30. Rc1 Ne7=
1/2-1/2

[Event "Test anti-draw scoring"]
[Site "SchemingMind.com"]
[Date "2015.10.18"]
[Round "-"]
[White "hardcorepawn"]
[Black "Phillip Beckett"]
[Result "1-0"]
[WhiteCountry "GER"]
[BlackCountry "ENG"]
[WhiteElo "1848"]
[WhiteRD "133"]
[BlackElo "1559"]
[BlackRD "49"]
[GameID "388879"]

1. d4 d5 2. Nf3 Nf6 3. e3 e6 4. Bd3 c5 5. b3 Nc6 6. a3 Bd6 7. Bb2 O-O 8. O-O Bd7 9. Nbd2 cxd4 10. exd4 Qc7
11. Rc1 Rac8 12. c4 dxc4 13. Nxc4 Qb8 14. h3 Bc7 15. Qe2 a6 16. Rfe1 Nd5 17. Bb1 Nf6 18. Qc2 b5 19. d5 exd5 20. Bxf6 gxf6
21. Qxh7#
1-0

[Event "Test anti-draw scoring"]
[Site "SchemingMind.com"]
[Date "2015.10.23"]
[Round "-"]
[White "hardcorepawn"]
[Black "Helga1946"]
[Result "0-1"]
[WhiteCountry "GER"]
[BlackCountry "GER"]
[WhiteElo "1792"]
[WhiteRD "90"]
[BlackElo "2284"]
[BlackRD "70"]
[GameID "388881"]

1. d4 Nf6 2. Nf3 e6 3. e3 d5 4. Bd3 c5 5. b3 Be7 6. Bb2 b6 7. Ne5 Bb7 8. O-O Nbd7 9. Nd2 O-O 10. f4 cxd4
11. exd4 Ne4 12. Nxe4 dxe4 13. Be2 Nxe5 14. fxe5 Bg5 15. Bc4 Be3+ 16. Kh1 Qg5 17. Qe2 a6 18. Bc1 Bxc1 19. Raxc1 b5 20. Bxb5 axb5
21. Qxb5 Ba6
0-1

[Event "Test anti-draw scoring"]
[Site "SchemingMind.com"]
[Date "2015.10.18"]
[Round "-"]
[White "Scooter"]
[Black "hardcorepawn"]
[Result "0-1"]
[WhiteCountry "USA"]
[BlackCountry "GER"]
[WhiteElo "1723"]
[WhiteRD "47"]
[BlackElo "1848"]
[BlackRD "133"]
[GameID "388882"]

1. d4 b5 2. Nf3 Bb7 3. Bf4 e6 4. Nbd2 Nf6 5. e3 a6 6. Be2 d5 7. O-O Bd6 8. Bxd6 Qxd6 9. b3 Nbd7 10. c4 bxc4
11. bxc4 c5 12. cxd5 Nxd5 13. dxc5 Qxc5 14. Rc1 Qe7 15. Bc4 O-O 16. Rb1 Nc3 17. Qc2 Nxb1 18. Rxb1 Nf6 19. Ng5 h6 20. Nge4 Nxe4
21. Nxe4 Rfc8 22. Qd3 Rd8 23. Qb3 Bxe4
0-1

[Event "Test anti-draw scoring"]
[Site "SchemingMind.com"]
[Date "2015.10.18"]
[Round "-"]
[White "hardcorepawn"]
[Black "Sir Osis of the Liver"]
[Result "1-0"]
[WhiteCountry "GER"]
[BlackCountry "ENG"]
[WhiteElo "1848"]
[WhiteRD "133"]
[BlackElo "1573"]
[BlackRD "84"]
[GameID "388883"]

1. d4 d5 2. Nf3 Nc6 3. e3 Bf5 4. a3 h6 5. c4 e6 6. Nc3 Nf6 7. b4 Be7 8. b5 Na5 9. c5 Nc4 10. Qb3 O-O
11. Bxc4 dxc4 12. Qxc4 Nd5 13. O-O c6 14. a4 Bg4 15. Ne5 Bh5 16. g4 Bg6 17. f4 Bh7 18. bxc6 bxc6 19. Nxc6 Qd7 20. Ne5 Qc7
21. Nxd5 exd5 22. Qxd5 Rad8 23. Qg2 Bf6 24. Bb2 Bxe5 25. fxe5 Qe7 26. c6 Qg5 27. Rf4 Kh8 28. Raf1 Bg6 29. e6 Rde8 30. exf7 Bxf7
31. Rxf7 Qxe3+ 32. Kh1 Rxf7 33. Rxf7 Qe1+ 34. Rf1 Qb4 35. d5 Qc4 36. d6 Re2 37. Qf3 Rxb2 38. c7 Rc2 39. Qf8+ Kh7 40. Qf5+ Kh8
41. g5 Qc6+ 42. Qf3 Qxd6 43. Qf8+
1-0

[Event "Test anti-draw scoring"]
[Site "SchemingMind.com"]
[Date "2015.10.18"]
[Round "-"]
[White "hardcorepawn"]
[Black "ray winteringham"]
[Result "1-0"]
[WhiteCountry "GER"]
[BlackCountry "ENG"]
[WhiteElo "1848"]
[WhiteRD "133"]
[BlackElo "1484"]
[BlackRD "52"]
[GameID "388884"]

1. d4 d5 2. Nf3 e6 3. e3 Bd6 4. Bd3 Nf6 5. O-O Bd7 6. b3 h6 7. Bb2 O-O 8. Nbd2 c5 9. Ne5 b6 10. f4 Nc6
11. Qf3 a5 12. f5 Qc8 13. Nxd7 Qxd7 14. e4 cxd4 15. exd5 Ne7 16. fxe6 fxe6 17. dxe6 Qxe6 18. Rae1 Qg4 19. h3 Qh4 20. Qe2 Nfd5
21. Qe6+ Kh8 22. Qxd6 Rxf1+ 23. Rxf1 Qg5 24. Nf3 Qe3+ 25. Kh1 Nf4 26. Bxd4 Qe6 27. Qxf4
1-0

[Event "Test anti-draw scoring"]
[Site "SchemingMind.com"]
[Date "2015.10.18"]
[Round "-"]
[White "hardcorepawn"]
[Black "Ramesh Panwar"]
[Result "0-1"]
[WhiteCountry "GER"]
[BlackCountry "IND"]
[WhiteElo "1792"]
[WhiteRD "90"]
[BlackElo "2402"]
[BlackRD "59"]
[GameID "388885"]

1. d4 Nf6 2. Nf3 e6 3. e3 d5 4. Bd3 c5 5. b3 Nc6 6. a3 b6 7. O-O Be7 8. Bb2 O-O 9. Nbd2 Bb7 10. Ne5 cxd4
11. Nxc6 Bxc6 12. Bxd4 Re8 13. Nf3 Bd6 14. Ne5 Bb7 15. Ng4 Nd7 16. f4 f5 17. Ne5 Nxe5 18. fxe5 Bc5 19. Qe2 Rc8 20. Rf3 g6
21. b4 Be7 22. Rh3 Bf8 23. Rf1 Bg7 24. g4 Rc7 25. gxf5 exf5 26. c4 Bxe5 27. Bxe5 Rxe5 28. Rf4 Qg5+ 29. Rg3 Qxf4 30. exf4 Rxe2
31. Bxe2 dxc4 32. Rc3 b5 33. Kf2 Kf7 34. Ke3 Kf6 35. Bf3 Bxf3 36. Kxf3 Ke6 37. Ke3 Kd5
0-1

[Event "Test anti-draw scoring"]
[Site "SchemingMind.com"]
[Date "2015.10.19"]
[Round "-"]
[White "Eric Caesar"]
[Black "hardcorepawn"]
[Result "1-0"]
[WhiteCountry "NED"]
[BlackCountry "GER"]
[WhiteElo "1927"]
[WhiteRD "67"]
[BlackElo "1792"]
[BlackRD "90"]
[GameID "388886"]

1. e4 a6 2. d4 b5 3. Nf3 e6 4. g3 Bb7 5. Qe2 Nf6 6. Nbd2 c5 7. Bg2 Be7 8. O-O O-O 9. c3 Nc6 10. e5 Nd5
11. Ne4 cxd4 12. cxd4 h6 13. Be3 Nxe3 14. fxe3 d6 15. exd6 Bxd6 16. Nxd6 Qxd6 17. Rac1 Ne7 18. Ne5 Bxg2 19. Qxg2 Nd5 20. Qf3 Ra7
21. Rc6 Qb4 22. b3 Qd2 23. Ng4 Qxa2 24. e4 Nb4 25. Rxe6 Qxb3 26. Qxb3
1-0

[Event "Test anti-draw scoring"]
[Site "SchemingMind.com"]
[Date "2015.10.20"]
[Round "-"]
[White "Kenny Elliott"]
[Black "private napoleon"]
[Result "0-1"]
[WhiteCountry "USA"]
[BlackCountry "ENG"]
[WhiteElo "1575"]
[WhiteRD "77"]
[BlackElo "1670"]
[BlackRD "71"]
[GameID "388905"]

1. d4 g6 2. e4 Bg7 3. Nf3 d6 4. Nc3 Nf6 5. Be3 O-O 6. Bc4 Nxe4 7. Qd3 Bf5 8. Nxe4 d5 9. Qb3 dxe4 10. Qxb7 Nd7
11. Nd2 Rb8 12. Qc6 e5 13. d5 Nb6 14. O-O Bd7 15. Qc5 Re8 16. Qa5 Bf8 17. Nxe4 Nxc4 18. Qc3 Nxe3 19. Qxe3 f5 20. Nc3 Rxb2
21. Qxa7 Rxc2 22. Nd1 Bb5 23. Re1 Bc5 24. Qa5 Qxd5 25. Qxc7 Bxf2+ 26. Nxf2 Rxc7
0-1

[Event "Test anti-draw scoring"]
[Site "SchemingMind.com"]
[Date "2015.10.24"]
[Round "-"]
[White "emvarela"]
[Black "private napoleon"]
[Result "1-0"]
[WhiteCountry "ARG"]
[BlackCountry "ENG"]
[WhiteElo "1690"]
[WhiteRD "47"]
[BlackElo "1665"]
[BlackRD "74"]
[GameID "388906"]

1. e4 e5 2. Nf3 Nc6 3. Bb5 a6 4. Bxc6 dxc6 5. O-O f6 6. d4 exd4 7. Nxd4 Bc5 8. Be3 Bxd4 9. Qxd4 Qxd4 10. Bxd4 Be6
11. f4 O-O-O 12. Be3 Ne7 13. Nc3 b6 14. f5 Bf7 15. Rfd1 c5 16. b3 Rxd1+ 17. Rxd1 Rd8 18. Rxd8+ Kxd8 19. Kf2 Nc6 20. a3 Nd4
21. Bxd4 cxd4 22. Ne2
1-0

[Event "Test anti-draw scoring"]
[Site "SchemingMind.com"]
[Date "2015.10.19"]
[Round "-"]
[White "private napoleon"]
[Black "Phillip Beckett"]
[Result "0-1"]
[WhiteCountry "ENG"]
[BlackCountry "ENG"]
[WhiteElo "1670"]
[WhiteRD "71"]
[BlackElo "1590"]
[BlackRD "50"]
[GameID "388907"]

1. b3 b6 2. Bb2 Bb7 3. d4 e6 4. Nd2 f5 5. Ngf3 Nf6 6. e3 Be7 7. c4 O-O 8. Bd3 d6 9. O-O Nbd7 10. Re1 Ne4
11. Qc2 Ndf6 12. a3 c5 13. dxc5 dxc5 14. Bxe4 Nxe4 15. Nxe4 Bxe4 16. Qd1 Qxd1 17. Raxd1 Rad8 18. h3 Rxd1 19. Rxd1 Rd8 20. Rxd8+ Bxd8
21. Nd2 Bb7 22. f3 Bc7 23. Kf2 Kf7 24. e4 g6 25. Ke3 Ke7 26. e5 Kd7 27. g3 a6 28. g4 b5 29. f4 Bg2 30. gxf5 gxf5
31. h4 h5 32. cxb5 axb5 33. Nf3 Bd8 34. Ng5 Bd5 35. b4 c4 36. Nh7 Be4 37. Nf6+ Bxf6 38. exf6 Ke8 39. Kd4 Bc2 40. Kc5 Ba4
41. Kd6 Kf7
0-1

[Event "Test anti-draw scoring"]
[Site "SchemingMind.com"]
[Date "2015.10.19"]
[Round "-"]
[White "private napoleon"]
[Black "Timaeus"]
[Result "0-1"]
[WhiteCountry "ENG"]
[BlackCountry "JPN"]
[WhiteElo "1670"]
[WhiteRD "71"]
[BlackElo "1438"]
[BlackRD "80"]
[GameID "388908"]

1. d4 e5 2. e4 exd4 3. Nf3 Nf6 4. Bd3 Nc6 5. O-O Bc5 6. Re1 d6 7. Bg5 O-O 8. Nbd2 Bg4 9. e5 Nxe5 10. Ne4 Bxf3
11. Qxf3 Ned7 12. Qh3 h6 13. Nxf6+ Nxf6 14. Bh4 Re8 15. Rxe8+ Qxe8 16. Bxf6 gxf6 17. Qxh6 Qf8
0-1

[Event "Test anti-draw scoring"]
[Site "SchemingMind.com"]
[Date "2015.10.20"]
[Round "-"]
[White "Scooter"]
[Black "private napoleon"]
[Result "1-0"]
[WhiteCountry "USA"]
[BlackCountry "ENG"]
[WhiteElo "1707"]
[WhiteRD "48"]
[BlackElo "1670"]
[BlackRD "71"]
[GameID "388909"]

1. d4 g6 2. Nf3 Bg7 3. Bf4 d6 4. e3 Nf6 5. Be2 O-O 6. h3 Nbd7 7. O-O e6 8. Nbd2 b6 9. Rc1 Bb7 10. c4 Re8
11. b4 e5 12. dxe5 dxe5 13. Bg3 Nh5 14. Bh2 Bf6 15. Nb3 c5 16. a3 cxb4 17. axb4 a5 18. bxa5
1-0

[Event "Test anti-draw scoring"]
[Site "SchemingMind.com"]
[Date "2015.10.19"]
[Round "-"]
[White "private napoleon"]
[Black "Sir Osis of the Liver"]
[Result "0-1"]
[WhiteCountry "ENG"]
[BlackCountry "ENG"]
[WhiteElo "1670"]
[WhiteRD "71"]
[BlackElo "1608"]
[BlackRD "82"]
[GameID "388910"]

1. b3 e5 2. Bb2 Nc6 3. e4 Nf6 4. Nc3 Bc5 5. Na4 d6 6. Nxc5 dxc5 7. Bd3 O-O 8. Nf3 Bg4 9. O-O Nd4 10. Bxd4 exd4
11. Be2 Nxe4 12. h3 Be6 13. Re1 Bd5 14. Bd3 Re8 15. Bxe4 Bxe4 16. d3 Bxf3
0-1

[Event "Test anti-draw scoring"]
[Site "SchemingMind.com"]
[Date "2015.10.19"]
[Round "-"]
[White "private napoleon"]
[Black "ray winteringham"]
[Result "1-0"]
[WhiteCountry "ENG"]
[BlackCountry "ENG"]
[WhiteElo "1670"]
[WhiteRD "71"]
[BlackElo "1473"]
[BlackRD "55"]
[GameID "388911"]

1. d4 d5 2. Nf3 Nf6 3. e3 Bg4 4. b3 e6 5. Bb2 Bd6 6. Nbd2 Ne4 7. Be2 Nc6 8. O-O O-O 9. c4 dxc4 10. bxc4 Nf6
11. e4 Be7 12. e5 Nd7 13. d5 Bxf3 14. Nxf3 exd5 15. cxd5 Nb4 16. Bc4 Nb6 17. Bb3 N6xd5 18. a3 Nc6 19. Qxd5
1-0

[Event "Test anti-draw scoring"]
[Site "SchemingMind.com"]
[Date "2015.10.19"]
[Round "-"]
[White "private napoleon"]
[Black "Ramesh Panwar"]
[Result "0-1"]
[WhiteCountry "ENG"]
[BlackCountry "IND"]
[WhiteElo "1670"]
[WhiteRD "71"]
[BlackElo "2402"]
[BlackRD "59"]
[GameID "388912"]

1. b3 e5 2. Bb2 Nc6 3. e4 Nf6 4. Nc3 Bc5 5. Nf3 Ng4 6. d4 exd4 7. Na4 Bb4+ 8. c3 dxc3 9. Bxc3 Qe7 10. Qd2 Nf6
11. Bxb4 Qxe4+ 12. Qe2 Nxb4 13. Rc1 Nd3+ 14. Kd2 Nxc1 15. Kxc1 O-O 16. Qxe4 Nxe4 17. Bc4 Nxf2 18. Rf1 Ne4 19. Ne5 Nf6 20. Nc3 d6
21. Nf3 c6 22. Kd2 Re8 23. Ng5 d5 24. Bd3 Re7 25. h3 h6 26. Nf3 Bd7 27. g4 Rae8 28. Rf2 Ne4+
0-1

[Event "Test anti-draw scoring"]
[Site "SchemingMind.com"]
[Date "2015.10.20"]
[Round "-"]
[White "Eric Caesar"]
[Black "private napoleon"]
[Result "1-0"]
[WhiteCountry "NED"]
[BlackCountry "ENG"]
[WhiteElo "1927"]
[WhiteRD "67"]
[BlackElo "1670"]
[BlackRD "71"]
[GameID "388913"]

1. e4 c5 2. Nf3 d6 3. d4 cxd4 4. Nxd4 Nf6 5. Nc3 a6 6. Bg5 e5 7. Nb3 Be7 8. Bxf6 Bxf6 9. Nd5 O-O 10. Be2 Be6
11. O-O Bxd5 12. Qxd5 Nc6 13. c3 Qc7 14. Rad1 Be7 15. Na1 Rfd8 16. Nc2 Bf8 17. Ne3 Ne7 18. Qb3 b5 19. Bh5 Ng6 20. Bxg6 hxg6
21. Nd5 Qc5 22. Qc2 a5 23. a3 Rab8 24. Qe2 Qc4 25. Rfe1 f5 26. f3 Rb7 27. Qc2 b4 28. axb4 axb4 29. exf5 gxf5 30. Qxf5 Qb3
31. Qe6+ Rf7 32. Nf6+
1-0